000 00442nam a2200181Ia 4500
001 10838
005 20260306161901.0
008 260306t1964||||xx |||||||||||||| ||spa||
041 _aESP
082 _a974
_bS734
100 _aSéjourné, Laurette
_eAUT
245 0 _aPensamiento y religión en el México antiguo
260 _c1964
300 _a220 páginas :
_c17 cm.
650 _aGEN
654 _aCHU
942 _cLIB
_dJUS
_fJUS
_2ddc
_n
999 _c10838
_d10838